| 000 | 003390000a22001450004500 | ||
|---|---|---|---|
| 003 | MACL | ||
| 040 | _aMACL | ||
| 090 |
_c33148 _d33146 |
||
| 100 | _aBell, Chip, R | ||
| 245 |
_aManagers as Mentors _bBuilding Partnership For Learning |
||
| 260 |
_bMagna Publication _c2002 |
||
| 350 | _a175 | ||
| 650 | _aEducation | ||
| 942 |
_cBOOK _k371.102 |
||
| 999 |
_c32804 _d32804 |
||